Mediterraneo /

Đã lưu trong:
Chi tiết về thư mục
Những tác giả chính: Bigazzi, Giancarlo (Nhà soạn nhạc), Falagiani, Marco (Nhà soạn nhạc)
Tác giả khác: Bisio, Claudio (Diễn viên), Petriccione, Italo (Nhiếp ảnh gia), Salvatores, Gabriele (Giám đốc), Abatantuono, Diego (Diễn viên), Bigagli, Claudio (Diễn viên), Cederna, Giuseppe (Diễn viên), Dini, Memo (Diễn viên), Conti, Ugo, (1955- ) (Diễn viên), Monteleone, Vincenzo (Người viết kịch bản), Mirandola, Vasco (Diễn viên)
Định dạng: Slide
Ngôn ngữ:Tiếng Italy
Được phát hành: Roma : L'Unità, 1996
Loạt:Cinema Italia ; 5
Các nhãn: Thêm thẻ
Không có thẻ, Là người đầu tiên thẻ bản ghi này!

MARC

LEADER 00000ngm a22000007i 4500
001 IT\ICCU\RAV\0278980
003 ItRI
005 20260124182919.0
008 960913s1996 it |||||||||||||||k|||||c
040 |b ita 
041 7 |a ita  |2 ISO-639-2 
082 |a 791.43617  |9 CINEMA. FILM CON SPECIFICHE CARATTERISTICHE. Commedia  |2 20 
130 0 |a Mediterraneo <film ; 1991>  |3 IT\ICCU\RAV\0950769 
245 0 0 |a Mediterraneo /  |c regia di Gabriele Salvatores ; soggetto e sceneggiatura di Vincenzo Monteleone ; musiche di Giancarlo Bigazzi, Marco Falagiani ; direttore della fotografia Italo Petriccione. 
246 1 3 |a Mediterraneo <videoregistrazione>  |9 IT\ICCU\RAV\0950767 
260 |a Roma :  |b L'Unità,  |c 1996 
300 |a 1 videocassetta (VHS) (ca. 99 min.) :  |b color. ;  |c 19 cm +  |e 1 pieghevole ([8] p. ill : 17 x 40 cm, ripiegato, 17 x 10 cm) 
500 |a Titolo del contenitore 
500 |a Interpreti: Diego Abatantuono, Claudio Bigagli, Giuseppe Cederna, Claudio Bisio, Ugo Conti 
500 |a Produzione cinematografica: Italia, 1991; Penta Film 
500 |a Supplemento a L'Unità n. 154 n. 29/06/1996 
500 |a Data e luogo desunti da fascicolo pieghevole allegato 
500 |a Testi di Ugo Casiraghi. 
700 1 |a Bisio, Claudio  |0 IT\ICCU\LO1V\138160  |4 act 
700 1 |a Petriccione, Italo  |0 IT\ICCU\LO1V\290410  |4 pht 
700 1 |a Salvatores, Gabriele  |0 IT\ICCU\RAVV\090350  |4 drt 
700 1 |a Abatantuono, Diego  |0 IT\ICCU\RAVV\090351  |4 act 
700 1 |a Bigagli, Claudio  |0 IT\ICCU\RAVV\090352  |4 act 
700 1 |a Cederna, Giuseppe  |0 IT\ICCU\RAVV\090353  |4 act 
700 1 |a Dini, Memo  |0 IT\ICCU\RAVV\481682  |4 act 
700 1 |a Bigazzi, Giancarlo  |0 IT\ICCU\UBOV\480400  |4 cmp 
700 1 |a Falagiani, Marco  |0 IT\ICCU\UBOV\483953  |4 cmp 
700 1 |a Conti, Ugo,  |d  (1955- )  |0 IT\ICCU\UBOV\483981  |4 act 
700 1 |a Monteleone, Vincenzo  |0 IT\ICCU\UBOV\698034  |4 sce 
700 1 |a Mirandola, Vasco  |0 IT\ICCU\VEAV\035914  |4 act 
790 1 |a Petriccione, Italo Daniele  |3 IT\ICCU\LO1V\437000  |z Petriccione, Italo 
790 1 |a Bigazzi, G.  |c  (compositore, paroliere)  |3 IT\ICCU\RT1V\045696  |z Bigazzi, Giancarlo 
790 1 |a Bigazzi, G. C.  |c  (compositore, paroliere)  |3 IT\ICCU\RT1V\045698  |z Bigazzi, Giancarlo 
830 0 |a Cinema Italia ;  |v 5  |0 IT\ICCU\RAV\0278975 
942 |2 ddc  |c VM  |n 0 
952 |0 0  |1 0  |4 0  |6 VO_933_000000000000000  |7 0  |9 27982  |a BO  |b BO  |d 2026-01-24  |i 7896  |l 0  |o VO 933  |p BO7896  |r 2026-01-24 18:29:19  |w 2026-01-24  |x [Sebina 5] [1 videocassetta]  |y VM  |z 1 videocassetta 
999 |c 23717  |d 23717